England National Football Team Opponents 1970-1979 - Statistics

General Stats
  • This quiz has been taken 12 times
  • The average score is 94 of 99
Answer Stats
Modern Confederation Year + Result Country % Correct
UEFA 1970 3-1 W Belgium
100%
CONMEBOL 1970 1-0 L Brazil
100%
CONMEBOL 1976 1-0 L Brazil
100%
CONMEBOL 1977 0-0 D Brazil
100%
CONMEBOL 1978 1-1 D Brazil
100%
UEFA 1970 3-1 W East Germany
100%
UEFA 1974 1-1 D East Germany
100%
UEFA 1976 4-1 W Finland
100%
UEFA 1976 2-1 W Finland
100%
UEFA 1976 1-1 D Ireland
100%
UEFA 1978 1-1 D Ireland
100%
UEFA 1973 2-0 L Italy
100%
UEFA 1973 1-0 L Italy
100%
UEFA 1976 3-2 W Italy
100%
UEFA 1976 2-0 L Italy
100%
UEFA 1977 2-0 W Italy
100%
UEFA 1977 5-0 W Luxembourg
100%
UEFA 1970 0-0 D Netherlands
100%
UEFA 1977 2-0 L Netherlands
100%
UEFA 1970 3-1 W Northern Ireland
100%
UEFA 1971 1-0 W Northern Ireland
100%
UEFA 1972 1-0 L Northern Ireland
100%
UEFA 1973 2-1 W Northern Ireland
100%
UEFA 1974 1-0 W Northern Ireland
100%
UEFA 1975 0-0 D Northern Ireland
100%
UEFA 1976 4-0 W Northern Ireland
100%
UEFA 1977 2-1 W Northern Ireland
100%
UEFA 1978 1-0 W Northern Ireland
100%
UEFA 1979 4-0 W Northern Ireland
100%
UEFA 1979 2-0 W Northern Ireland
100%
UEFA 1979 5-1 W Northern Ireland
100%
UEFA 1970 0-0 D Scotland
100%
UEFA 1971 3-1 W Scotland
100%
UEFA 1972 1-0 W Scotland
100%
UEFA 1973 5-0 W Scotland
100%
UEFA 1973 1-0 W Scotland
100%
UEFA 1974 2-0 L Scotland
100%
UEFA 1975 5-1 W Scotland
100%
UEFA 1976 2-1 L Scotland
100%
UEFA 1977 2-1 L Scotland
100%
UEFA 1978 1-0 W Scotland
100%
UEFA 1979 3-1 W Scotland
100%
UEFA 1979 0-0 D Sweden
100%
UEFA 1970 1-1 D Wales
100%
UEFA 1971 0-0 D Wales
100%
UEFA 1972 3-0 W Wales
100%
UEFA 1972 1-0 W Wales
100%
UEFA 1973 1-1 D Wales
100%
UEFA 1973 3-0 W Wales
100%
UEFA 1974 2-0 W Wales
100%
UEFA 1975 2-2 D Wales
100%
UEFA 1976 2-1 W Wales
100%
UEFA 1976 1-0 W Wales
100%
UEFA 1977 1-0 L Wales
100%
UEFA 1978 3-1 W Wales
100%
UEFA 1979 0-0 D Wales
100%
UEFA 1970 3-2 L West Germany
100%
UEFA 1972 3-1 L West Germany
100%
UEFA 1972 0-0 D West Germany
100%
UEFA 1975 2-0 W West Germany
100%
UEFA 1978 2-1 L West Germany
100%
CONMEBOL 1974 2-2 D Argentina
90%
CONMEBOL 1977 1-1 D Argentina
90%
UEFA 1974 1-0 W Bulgaria
90%
UEFA 1979 3-0 W Bulgaria
90%
UEFA 1979 2-0 W Bulgaria
90%
CONMEBOL 1970 4-0 W Colombia
90%
UEFA 1970 1-0 W Czechoslovakia
90%
UEFA 1973 1-1 D Czechoslovakia
90%
UEFA 1974 3-0 W Czechoslovakia
90%
UEFA 1975 2-1 L Czechoslovakia
90%
UEFA 1978 1-0 W Czechoslovakia
90%
UEFA 1971 3-0 W Greece
90%
UEFA 1971 2-0 W Greece
90%
UEFA 1978 4-1 W Hungary
90%
UEFA 1977 2-0 W Luxembourg
90%
UEFA 1971 1-0 W Malta
90%
UEFA 1971 5-0 W Malta
90%
UEFA 1973 2-0 L Poland
90%
UEFA 1973 1-1 D Poland
90%
UEFA 1974 0-0 D Portugal
90%
UEFA 1974 0-0 D Portugal
90%
UEFA 1975 1-1 D Portugal
90%
UEFA 1970 1-0 W Romania
90%
UEFA 1973 2-1 W Soviet Union
90%
UEFA 1971 3-2 W Switzerland
90%
UEFA 1971 1-1 D Switzerland
90%
UEFA 1975 2-1 W Switzerland
90%
UEFA 1977 0-0 D Switzerland
90%
UEFA 1972 1-1 D Yugoslavia
90%
UEFA 1974 2-2 D Yugoslavia
90%
UEFA 1973 7-0 W Austria
80%
UEFA 1979 4-3 L Austria
80%
UEFA 1975 5-0 W Cyprus
80%
UEFA 1975 1-0 W Cyprus
80%
UEFA 1978 4-3 W Denmark
80%
UEFA 1979 1-0 W Denmark
80%
CONMEBOL 1977 0-0 D Uruguay
70%
CONMEBOL 1970 2-0 W Ecuador
60%
No matching quizzes found
Score Distribution
Percent of People with Each Score
Percentile by Number Answered
Your Score History
You have not taken this quiz